Регионална библиотека "Любен Каравелов" - Русе

Избрани разкази (Запис номер 193598)

MARC детайли
000 -Лидер
Контролно поле с фиксирана дължина 01601nam a2200337 c 4500
003 - Код на организацията, давaща контролен номер
Контролно поле BLK
005 - Дата и час на последна редакция
Контролно поле 20190930131917.0
008 - Елементи от данни с фиксирана дължина
fixed length control field 180411b bul|||||r ||||||| ||bul||
010 ## - Наследен системен номер
LC control number KNG00202814000
040 ## - Източник на каталожния запис
Идентификатор на билиотеката - собственик на записа BLK
041 ## - Код за език
Код за езика на текст/звукозапис или на отделно заглавие Български
Код за езика КДБФ Български
072 #7 - Код за тематичната категория
Код организация bullib
Код за тематична категория А
Текст Фонд Михаил Арнаудов
080 ## - УДК
Текстов определител УДК Българска литература
УДК код - определител по УДК 821.163.2
УДК определител -32
УДК - код + определител 821.163.2-32
100 1# - Редна дума - Автор
Автор Георгиев, Михалаки
Авторска отговорност първи автор
Автор - информация (биография) Лозанов, Михалаки Георгиев
R(LIN) 378111
139 ## - Редно поле
Редна дума Георгиев, Михалаки
Авторски знак Георгиев - Г 37
245 10 - Сведения за заглавието
Заглавие Избрани разкази
Подзаглавни данни Т. 1 - 3
Редно поле (дума) Михалаки Георгиев; под ред. на Александър Филипов; ред. на том Петър Николов Динеков.
Том Т. 3
257 ## - Страна на издаване
Страна на създаване/издаване България
260 ## - Област на издателските данни
Име на издателя, разпространителя и проч. Хемус
Година на издаване 1937 -
Печатница София : П. К Овчаров
-- За том: София : С. М. Стайков
300 ## - Физическа характеристика
Размери/Мащаб 18 см
380 ## - Жанр
Жанр Худож. лит.
490 ## - СЕРИИ (Колекции)
9 (RLIN) 396381
Име на серия Частна колекция - Академик Михаил Арнаудов
Бележки за серията Дарение - Основен фонд
500 ## - Общи забележки
Забележка Пълното име на Михалаки Георгиев е Михалаки Георгиев Лозанов
659 ## - Тематичен бюлетин
Тематичен бюлетин А
700 1# - Други автори (авторска отговорност)
Лично име Филипов, Александър
Автороска отговорност (Описва отношението между автора и произведението) под ред. на
9 (RLIN) 364393
700 1# - Други автори (авторска отговорност)
Лично име Динеков, Петър Николов
Автороска отговорност (Описва отношението между автора и произведението) ред. на том
9 (RLIN) 363799
760 1# - Описание на основната серия
Редна дума на основното описание Георгиев, Михалаки
Място на издаване, издател и година 1942
Страници - том 198 с.
Забележка - том Мека подв., неразрязана
Заглавие Т. 3
852 ## - Местоположение
Форматна сигнатура МА 588
Фондова буква Фонд "Михаил Арнаудов"
856 4# - Електронен адрес и достъп
Електронен формат pdf - файл
856 4# - Електронен адрес и достъп
Електронен формат pdf - файл
999 ## - СИСТЕМНИ КОНТРОЛНИ НОМЕРА
Koha biblionumber 193598
Koha biblioitemnumber 193598
942 ## - АРТИКУЛИ
Вид на библиотечния материал Книги
Скрит в OPAC Не
Периодичен библиозапис Да
944 ## - СЪЗДАВАНЕ И РЕДАКЦИЯ на ЗАПИСА
Създаване/Редакция Създаване
Дата на регистрацията/редакция 13.03.2017
Служител, извършил регистрацията/редакцията Геновева_Генчева
944 ## - СЪЗДАВАНЕ И РЕДАКЦИЯ на ЗАПИСА
Създаване/Редакция Редакция
Дата на регистрацията/редакция 13.03.2017
Служител, извършил регистрацията/редакцията Геновева_Генчева
999 ## - СИСТЕМНИ КОНТРОЛНИ НОМЕРА
Koha biblioitemnumber 193598
Наличности
Код за отписване Код за изгубен артикул Източник на класификационната схема Код за повреда Коз за рестрикции Код за отдаване Артикулен № Име на библиотеката - собственик Име на библиотеката, в която се намира в момента Статус (Текущо местоположение) Дата на вписване в системата Местоположение - отдел Цена в лева Инвентарен номер Систематично азбучна сигнатура Баркод Номер на екземпляра Цена в евро Служебна бележка Служебен тип на артикула
  Не е изгубен Universal Decimal Classification Не е повреден само за читалня Специални фондове ( старопечатни, редки и ценни, фонд М. Арнаудов) 338972 Регионална библиотека "Любен Каравелов" Русе Регионална библиотека "Любен Каравелов" Русе Фонд "Михаил Арнаудов" 1973-10-01 Фонд "Михаил Арнаудов" 40.00 590906 МА 588 120000590906 1 20.45 Дост: DA Вид: А N: стар фонд Дата: 01.10.1973 Книги
Vip Innovations Ltd, Rousse, Bulgaria 2025